Science Quiz

Random Science Quiz

Bloodflow through the heart Quiz Stats

 Plays Quiz not verified by Sporcle

Score 0/12 Timer 10:00
2 Plays Today
% Correct
Inferior & Superior Vena Cava
93.4%
Right Atrium
85.8%
Tricuspid Valve
76.6%
Right Ventricle
74.2%
Pulmonary Valve
61.3%
Pulmonary Arteries
56.9%
Pulmonary Veins
54.9%
Aorta
51.2%
Left Ventricle
50.7%
Left Atrium
50%
Bicuspid or Mitral Valve
49.3%
Aortic Valve
48.9%

You're not logged in!

Compare scores with friends on all Sporcle quizzes.
OR
Log In

You Might Also Like...

Show Comments

Extras

Created Jul 25, 2014ReportNominate
Tags:blood flow, heart

Top Quizzes Today


Score Distribution

Your Account Isn't Verified!

In order to create a playlist on Sporcle, you need to verify the email address you used during registration. Go to your Sporcle Settings to finish the process.

Report this User

Report this user for behavior that violates our Community Guidelines.

Details: